Statistics for Five, Nine, And Fourteen Eyes Countries

Click here to take the quiz!

General Stats

  • This quiz has been taken 51 times
  • The average score is 13 of 14

Answer Stats

StatusAnswer% Correct
Five Eyes, Nine Eyes, Fourteen EyesCanada
100%
Five Eyes, Nine Eyes, Fourteen EyesUnited Kingdom
98%
Five Eyes, Nine Eyes, Fourteen EyesUnited States
98%
Five Eyes, Nine Eyes, Fourteen EyesAustralia
95%
Fourteen EyesItaly
95%
Fourteen EyesSpain
95%
Fourteen EyesBelgium
93%
Nine Eyes, Fourteen EyesFrance
93%
Fourteen EyesGermany
93%
Five Eyes, Nine Eyes, Fourteen EyesNew Zealand
93%
Nine Eyes, Fourteen EyesNetherlands
90%
Fourteen EyesSweden
88%
Nine Eyes, Fourteen EyesDenmark
83%
Nine Eyes, Fourteen EyesNorway
83%

Score Distribution

Percentile by Number Answered

Percent of People with Each Score

Your Score History

You have not taken this quiz